000 01131nam0a22002651 4500
001 rc\3907712
005 20250611015743.0
021 _aRU
_b[55-31773]
035 _a(NLR Aleph) 008017411
090 _a8739037
_c8739037
100 _a20130415d1955 |||y0rusy50 ca
101 0 _arus
102 _aRU
105 _ay z |||||
200 1 _aПолучение высоких урожаев картофеля на осушенных торфяно-болотных почвах
_fМ-во сельского хозяйства БССР
210 _aМинск
_cГосиздат БССР, Ред. с.-х. лит.
_d1955
215 _a8 с.
_d20
225 1 _a[Участник Всесоюзной сельскохозяйственной выставки по Белорусской ССР]
606 _aКартофель
_xВозделывание на торфяных почвах
_yГомельская область
_2psbo
700 1 _aАнацкая
_bГ.А.
_gГенриэтта Антоновна
801 0 _aRU
_bNLR
_gpsbo
801 1 _aRU
_bELAR
_2rusmarc
852 _aNLR
_jС50 Г-4/4796
942 _cBOOK
980 _aNB